Statistics for Linkin Park- Numb Lyrics

Click here to take the quiz!

General Stats

  • This quiz has been taken 1,950 times
  • The average score is 25 of 28

Answer Stats

Hint Answer % Correct
I've _____ so numb, I can't feel you there | I've ______ so numb, I can't feel you therebecome
98%
I'm ___ of being what you want me to betired
96%
but I know you were just like ____ | is be more like ____ and be less like youme
96%
every step that I take is another _____ to you | every step that I take is another ______ to youmistake
95%
holding too tightly, afraid to lose ______control
91%
don't know what you're ______ of meexpecting
90%
put under the ______ of walking in your shoespressure
90%
become so tired, so much more ____ | become so tired, so much more _____aware
84%
I'm _____ this, all I want to do | I'm ______ this, all I want to do | I'm _______ this, all I want to dobecoming
84%
has ______ apart right in front of youfallen
83%
'cause everything that you _______ I would bethought
81%
feeling so ______, lost under the surfacefaithless
80%
and every _____ I waste is more than I can takesecond
78%
can't you see that you're ________ me,smothering
76%
with someone ________ in youdisappointed
63%
and I know I may end up _____ toofailing
61%

Score Distribution

Percentile by Number Answered

Percent of People with Each Score

Your Score History

You have not taken this quiz